Physical Sciences Grade 10 CAPS / (Record no. 630827)

MARC details
000 -LEADER
fixed length control field 00620nam a2200205Ia 4500
003 - CONTROL NUMBER IDENTIFIER
control field 3228
005 - DATE AND TIME OF LATEST TRANSACTION
control field 20251031114718.0
008 - FIXED-LENGTH DATA ELEMENTS--GENERAL INFORMATION
fixed length control field 220701s9999 xx 000 0 und d
020 ## - INTERNATIONAL STANDARD BOOK NUMBER
International Standard Book Number 9781920297831 (paperback)
040 ## - CATALOGING SOURCE
Original cataloging agency MPL
Language of cataloging English
Transcribing agency 3228
Description conventions Resource Description and Access
041 ## - LANGUAGE CODE
Language code of text/sound track or separate title English
082 ## - DEWEY DECIMAL CLASSIFICATION NUMBER
Classification number ST 500.2076 LOUW
100 ## - MAIN ENTRY--PERSONAL NAME
Personal name LOUW, RETHA
Relator term Author
245 #0 - TITLE STATEMENT
Title Physical Sciences Grade 10 CAPS /
Statement of responsibility, etc. Retha Louw and Debbie Watson
260 ## - PUBLICATION, DISTRIBUTION, ETC.
Place of publication, distribution, etc. Cape Town :
Name of publisher, distributor, etc. The Answer,
Date of publication, distribution, etc. 2018.
300 ## - PHYSICAL DESCRIPTION
Extent 1 volume (various pagings) ;
Dimensions 21 cm.
490 ## - SERIES STATEMENT
Series statement The answer series
700 ## - ADDED ENTRY--PERSONAL NAME
9 (RLIN) 197396
Personal name Watson, Debbie
Relator term Author
942 ## - ADDED ENTRY ELEMENTS
item type Books
Source of classification or shelving scheme Dewey Decimal Classification
-- 242
-- Nelisiwe Ngobeni
Holdings
Withdrawn status Lost status Source of classification or shelving scheme Damaged status Not for loan Collection code Home library Current library Date acquired Full call number Barcode Date last seen Price effective from item type Cost, normal purchase price Total Checkouts Public note Shelving location
    Dewey Decimal Classification     500: Science KWAMHLANGA REGIONAL LIBRARY DELMAS PUBLIC LIBRARY 28.08.2025 R 500.2 LOUW 33228031085852 28.08.2025 28.08.2025 Books        
    Dewey Decimal Classification     500: Science DELMAS PUBLIC LIBRARY DELMAS PUBLIC LIBRARY 03.12.2025 ST 500.2076 LOUW 3322830002326 03.12.2025 03.12.2025 Books       Non Fiction
            Doornkop PL (MMID-PLST-DOOR) Doornkop PL (MMID-PLST-DOOR) 04.07.2022   33089000318984 04.07.2022 04.07.2022 Books 121.11   112/13  
            Doornkop PL (MMID-PLST-DOOR) Doornkop PL (MMID-PLST-DOOR) 04.07.2022   3390900081018 04.07.2022 04.07.2022 Books 147.35   11/18  
            Eastdene PL (MMID-PLST-EAST) Eastdene PL (MMID-PLST-EAST) 23.06.2022   33809000369053 23.06.2022 23.06.2022 Books 132.61   98/18  
    Dewey Decimal Classification     500: Science Standerton Regional Library Evander 21.05.2026 ST 500.2076 LOUW 3228200044828 21.05.2026 21.05.2026 Books       Non Fiction
    Dewey Decimal Classification     500: Science Standerton Regional Library Evander 21.05.2026 ST 500.2076 LOUW 3228200044825 21.05.2026 21.05.2026 Books       Non Fiction
            Komatipoort Public Library Komatipoort Public Library 01.06.2022 R ST 500.2 LOUW 33909000492051 01.06.2022 01.06.2022 Books 132.61   81/18  
    Dewey Decimal Classification     500: Science LIBANGENI LIBANGENI 04.12.2025 ST 500.2076 LOUW 33228024460931 04.12.2025 04.12.2025 Books       Non Fiction
    Dewey Decimal Classification     500: Science KWAMHLANGA REGIONAL LIBRARY MASOBYE 22.02.2022 ST 530.071 LOUW 33228023314022 22.02.2022 22.02.2022 Book        
            Mhluzi Ext 7 PL (MMID-PLST-MHL7) Mhluzi Ext 7 PL (MMID-PLST-MHL7) 27.05.2022   33809000327887" 27.05.2022 27.05.2022 Books 147.35      
            Mhluzi Ext 7 PL (MMID-PLST-MHL7) Mhluzi Ext 7 PL (MMID-PLST-MHL7) 01.06.2022 ST 500.2 LOUW 33809000327887 01.06.2022 01.06.2022 Books 147.35   053/18  
            Nasaret PL (MMID-PLST-NASA) Nasaret PL (MMID-PLST-NASA) 02.07.2022   33809000380803 02.07.2022 02.07.2022 Books 147.35   215/18  
            Rietkuil PL (MMID-PLST-RIET) Rietkuil PL (MMID-PLST-RIET) 24.06.2022   33909000496029 24.06.2022 24.06.2022 Books 132.61   A/ST11  
    Dewey Decimal Classification     500: Science KWAMHLANGA REGIONAL LIBRARY SIYABUSWA 31.10.2025 ST 500.2076 LOUW 33228024463505 31.10.2025 31.10.2025 Books       Non Fiction